| 000 | 00457nam a2200181Ia 4500 | ||
|---|---|---|---|
| 003 | LK-CoDNM | ||
| 005 | 20240119111926.0 | ||
| 008 | 010623t1901 xxu||||| |||| 00| 1 sin d | ||
| 040 |
_aLK-CoDNM _dLK-CoDNM _eLK-CoDNM |
||
| 041 | _asin | ||
| 080 |
_a104 _bJ 1 |
||
| 245 | _aසුධර්ම ලෝකය | ||
| 246 | _aSudharma Lokaya | ||
| 260 |
_bSudarma Loka Samitiya _aColombo _c1901 |
||
| 300 | _b96p, 27 cm | ||
| 490 | _vVol III,II-XI | ||
| 942 | _cBK | ||
| 999 |
_c85312 _d85312 |
||